Normal view
MARC view
- Lion, Carina
Entry Nombre Personal
001 - NUMERO DE CONTROL
- campo de control: 53417
003 - IDENTIFICADOR DE NUMERO DE CONTROL
- campo de control: DLC
005 - FECHA Y HORA DE LA ÜLTIMA TRANSACCIÓN
- campo de control: 20240904155358.0
008 - DATOS DE LONGITUD FIJA
- campo de control de longitud fija: 060915n| acannaabn |n aaa c
010 ## - NÚMERO DE CONTROL DE LA BIBLIOTECA DEL CONGRESO
- Número de control LC: no2006098455
035 ## - NUMERO DE CONTROL
- Número de control: (OCoLC)oca07052770
040 ## - FUENTE DE CATALOGACIÓN
- Agencia original de catalogación: AgViUSA
- Lenguaje de catalogación: spa
- Agencia de transcripción: AgViUSA
- Agencia que lo modifica: MX-MxUPN
100 1# - ENCABEZAMIENTO - NOMBRE PERSONAL
- Nombre personal: Lion, Carina
670 ## - FUENTE EN LA QUE SE LOCALIZARON DATOS
- Cita de la fuente: Imaginar con tecnologías, 2006:
- Información localizada: portada (Carina Lion) solapa (Doctora en Educación de la Universidad de Buenos Aires)
670 ## - FUENTE EN LA QUE SE LOCALIZARON DATOS
- Cita de la fuente: Aprendizaje y tecnologías : habilidades del presente, proyecciones de futuro, 2020:
- Información localizada: portada (Carina Lion, compiladora)
902 ## - CATALOGADOR
- Catalogador: Víctor Ruiz/040924
